| 000 | 01618nam a2200385 a 4500 | ||
|---|---|---|---|
| 001 | 00127 | ||
| 003 | DO-SdBNP | ||
| 005 | 20180309094618.0 | ||
| 007 | 00127 | ||
| 008 | 160331b dr 2008 ||||| |||| 00| 0 spa d | ||
| 020 | _a9789945113242 (V. 3) | ||
| 020 | _a9789945111941 (v. 3) Guía | ||
| 020 | _a9789945112597 (v. 3) Cuaderno | ||
| 040 |
_aBPMSU _bspa _cBPMSU |
||
| 092 |
_a372.7 _bS237m 3ro. 2008 |
||
| 100 | 1 | _aSantos, Altagracia | |
| 245 | 1 | 0 |
_aMatemáticas 3 : _beducación básica / _cAltagracia Santos ; dirección editorial Obdulia García de Escobar ; editor Andrés Molina Maloon |
| 260 |
_aSanto Domingo : _bSantillana, _c2008. |
||
| 300 |
_a3 v. : _bil., retrs. ; _c30 cm. _e+ CD-ROM |
||
| 490 | 1 | _aCoral | |
| 505 | 0 |
_gv.1 . Guía. _tNúmeros hasta el 9 -- _tSituaciones de suma -- _tLa decena -- _tLíneas y figuras -- _tDecenas completas -- _tNúmeros del 11 al 99 -- _tSuma y resta -- _tLa centena -- _tLas fracciones -- _tFormas simétricas -- _tCuerpos geométricos -- _tMediciones -- _tRegistro de datos -- |
|
| 505 | 0 | _gv.3 . Cuaderno | |
| 650 | 4 |
_aMATEMÁTICAS _xENSEÑANZA ELEMENTAL |
|
| 650 | 4 |
_aEDUCACIÓN PRIMARIA _zREPÚBLICA DOMINICANA |
|
| 650 | 4 |
_aMATEMÁTICAS _xLIBROS DE TEXTOS |
|
| 650 | 4 |
_aMATEMÁTICAS _xESTUDIOS Y EJERCICIOS |
|
| 700 | 1 |
_aGarcía de Escobar, Obdulia, _edir. ed. |
|
| 700 | 1 |
_aMolina Moloon, Andrés, _eed. |
|
| 830 | 0 | _aCoral | |
| 910 | _aValidado. Control de calidad MFF | ||
| 942 |
_2ddc _cBK |
||
| 945 | _aRemanejado para la BNPHU / 2018 VM | ||
| 956 |
_aVMATEO _b10 _c20150706 _lBPMSU _h00151 |
||
| 956 |
_aBRENDA TAVÁREZ _b10 _c20160410 _lBPMSU _h00127 |
||
| 999 |
_c9655 _d9655 |
||